000 00456nam a2200181Ia 4500
001 15949
005 20260306170233.0
008 260306t2001||||xx |||||||||||||| ||und||
041 _aESP
082 _a620.86
_bB61
100 _aBlanco Solsona, Antonio
_eAUT
245 0 _aSeguridad en las instalaciones de sistemas automáticos
260 _c2001
300 _axii, 166 páginas :
_c
650 _aGEN
654 _aCII
942 _cLIB
_dJUS
_fJUS
_2ddc
_n
999 _c15949
_d15949